Coming of age in Samoa (Record no. 45154)
[ view plain ]
| 000 -LEADER | |
|---|---|
| fixed length control field | 00615nam a2200217Ia 4500 |
| 003 - CONTROL NUMBER IDENTIFIER | |
| control field | 0100 |
| 005 - DATE AND TIME OF LATEST TRANSACTION | |
| control field | 20190507100712.0 |
| 008 - FIXED-LENGTH DATA ELEMENTS--GENERAL INFORMATION | |
| fixed length control field | 130303s9999 xx 000 0 und d |
| 040 ## - CATALOGING SOURCE | |
| Transcribing agency | ARRUPELIB |
| 050 ## - LIBRARY OF CONGRESS CALL NUMBER | |
| Classification number | DU813.M4 1961 |
| 300 ## - PHYSICAL DESCRIPTION | |
| Dimensions | 20 cm. |
| 300 ## - PHYSICAL DESCRIPTION | |
| Other physical details | |
| 100 ## - MAIN ENTRY--PERSONAL NAME | |
| Personal name | Mead, Margaret |
| 9 (RLIN) | 38221 |
| 245 ## - TITLE STATEMENT | |
| Title | Coming of age in Samoa |
| Remainder of title | a psychological study of primitive youth for Western civilization |
| Statement of responsibility, etc | Margaret Mead |
| 260 ## - PUBLICATION, DISTRIBUTION, ETC. (IMPRINT) | |
| Place of publication, distribution, etc | New York |
| Name of publisher, distributor, etc | Perennial Classics |
| Date of publication, distribution, etc | 1961 |
| 300 ## - PHYSICAL DESCRIPTION | |
| Extent | xxviii, 224 p. ; |
| 650 ## - SUBJECT ADDED ENTRY--TOPICAL TERM | |
| Topical term following geographic name as entry element | Samoans |
| General subdivision | Psychology |
| 9 (RLIN) | 46294 |
| 650 ## - SUBJECT ADDED ENTRY--TOPICAL TERM | |
| Topical term following geographic name as entry element | Girls |
| Geographic subdivision | Samoan Islands |
| 9 (RLIN) | 46295 |
| 650 ## - SUBJECT ADDED ENTRY--TOPICAL TERM | |
| Topical term following geographic name as entry element | Children |
| Geographic subdivision | Samoan Islands |
| 9 (RLIN) | 46296 |
| 650 ## - SUBJECT ADDED ENTRY--TOPICAL TERM | |
| Topical term following geographic name as entry element | Women, Samoan |
| General subdivision | Social life and customs |
| 9 (RLIN) | 46297 |
| 650 ## - SUBJECT ADDED ENTRY--TOPICAL TERM | |
| Topical term following geographic name as entry element | Adolescence |
| 9 (RLIN) | 40909 |
| 650 ## - SUBJECT ADDED ENTRY--TOPICAL TERM | |
| Topical term following geographic name as entry element | Somoan Islands |
| General subdivision | Social life and customs |
| 9 (RLIN) | 46298 |
| 700 ## - ADDED ENTRY--PERSONAL NAME | |
| Personal name | Margaret Mead ,foreword by Franz Boas |
| 9 (RLIN) | 46299 |
| 942 ## - ADDED ENTRY ELEMENTS (KOHA) | |
| Source of classification or shelving scheme | Library of Congress Classification |
| Koha item type | Monograph ( Printed materials) |
| Withdrawn status | Lost status | Source of classification or shelving scheme | Damaged status | Not for loan | Collection code | Home library | Current library | Shelving location | Date acquired | Total Checkouts | Full call number | Barcode | Date last seen | Copy number | Price effective from | Koha item type |
|---|---|---|---|---|---|---|---|---|---|---|---|---|---|---|---|---|
| Library of Congress Classification | Main Collection | ARRUPE LIBRARY | ARRUPE LIBRARY | Main Collection | 04/03/2013 | DU813.M4 1961 | 46003033378 | 08/12/2017 | 1 | 04/03/2013 | Monograph ( Printed materials) | |||||
| Library of Congress Classification | Main Collection | ARRUPE LIBRARY | ARRUPE LIBRARY | Main Collection | 07/05/2019 | DU813.M4 1961 | 46600004720 | 07/05/2019 | 07/05/2019 | Monograph ( Printed materials) |